000 00450nam a2200181Ia 4500
001 19519
005 20260306172659.0
008 260306t2012||||xx |||||||||||||| ||spa||
041 _aESP
082 _a340.1
_bG98
100 _aGuzmán Brito, Alejandro
_eAUT
245 0 _aLos orígenes de la noción de sujeto de derecho
260 _c2012
300 _a157 páginas :
_c23 cm.
650 _aGEN
654 _aCDE
942 _cLIB
_dJUS
_fJUS
_2ddc
_n
999 _c19519
_d19519